Who said these Dreamcatcher iconic quotes #5 - Statistics

General Stats
  • This quiz has been taken 42 times
  • The average score is 10 of 10
Answer Stats
Quote Member % Correct
Sua touched my butt three times. She is the supreme pervert, not me Handong
100%
I want to sleep with you JiU
100%
Oh so amazing, oh so superstar! SuA
100%
To the members… I never show my naked body to them Dami
98%
You thought making plans with me was nothing? Follow me to the roof Gahyun
98%
What are you doing? I'm right in the middle… JiU
95%
White Choca Moco is good… Ah! White Choco Mocha~ Siyeon
95%
We are not breathing. We are actually dying. Yoohyeon
95%
Sua unnie, pabo ! Yoohyeon
95%
Do you know what Jiu's blood tastes like ? It tastes like peach iced tea SuA
93%
No matching quizzes found
Score Distribution
Percent of People with Each Score
Percentile by Number Answered
Your Score History
You have not taken this quiz